| 000 | 00724nam a2200229Ia 4500 | ||
|---|---|---|---|
| 005 | 20220824102944.0 | ||
| 008 | 210716s2017 xx 000 0 und d | ||
| 020 | _a9789332586918 | ||
| 040 | _cAIMIT LIBRARY | ||
| 041 | _aeng | ||
| 082 |
_a005.30287 _21 _bTARA |
||
| 100 |
_aTarlinder, Alexander. _955284 |
||
| 245 |
_aDeveloper testing : _bbuilding quality into software / _cBy Alexander Tarlinder. |
||
| 250 | _a1st ed. | ||
| 260 |
_aNew Delhi : _bPearson Education , _c2017. |
||
| 300 |
_axxv,313 p.; _c24 cm. |
||
| 650 |
_aDeveloper testing _955285 |
||
| 650 |
_aTesting vocobulary _955286 |
||
| 650 |
_aDrivers of of testability _955287 |
||
| 650 |
_aTest doubles _955288 |
||
| 942 |
_2ddc _cBK _e1st _k005.30287 TARA |
||
| 999 |
_c196346 _d196346 |
||